Dilema efektívnosti zahraničnej pomoci bakalárska práca

Salvato in:
Dettagli Bibliografici
Autore principale: Košová, Tatiana
Ente Autore: Obchodná fakulta EU. Katedra medzinárodného obchodu
Altri autori: Lindtnerová, Klaudia
Natura: Libro
Lingua:slovacco
Pubblicazione: Bratislava 2014
Tags: Aggiungi Tag
Nessun Tag, puoi essere il primo ad aggiungerne!!

MARC

LEADER 00000nbm a2200000 4500
001 0188276
005 20170201101151.6
041 0 |a slo 
044 |a SK 
245 1 0 |a Dilema efektívnosti zahraničnej pomoci  |b bakalárska práca  |c Tatiana Košová ; školiteľ: Klaudia Lindtnerová 
264 1 |a Bratislava  |c 2014 
300 |a 37 s. 
100 1 |a Košová, Tatiana 
700 1 |a Lindtnerová, Klaudia 
710 2 |a Obchodná fakulta EU. Katedra medzinárodného obchodu